000 00495nam a2200181Ia 4500
005 20250326124553.0
008 250326s9999 xx 000 0 und d
037 _aTextbook
040 _aFMSL
_beng
_cFMSL
041 _aeng
_2eng
084 _aX:89A L322
_qFMSL
100 _aShore B
_9737602
245 0 _aOperations management
_cShore B
260 _aNew Delhi
_bNew Delhi, Tata McGraw-Hill
_c1973
300 _a550p
942 _cTB
_hX:89A L322
999 _c1274220
_d1274220